Najludniejsze stolice świata - Statystyki

Ogólne statystyki
  • Ten quiz został rozwiązany 141 razy
  • Średni wynik to 10 z 15
Statystyki odpowiedzi
Miejsce Ludność Pierwsza litera państwa Stolica % Poprawnych
1. 38,3 mln J Tokio
96%
3. 21,2 mln C Pekin
93%
10. 12,1 mln R Moskwa
87%
12. 10,9 mln F Paryż
86%
14. 10,4 mln W Londyn
77%
2. 26,4 mln I Delhi
76%
4. 21,1 mln M Meksyk
73%
5. 19,1 mln E Kair
65%
13. 10,4 mln I Dżakarta
64%
7. 15,3 mln A Buenos Aires
61%
9. 12,2 mln I Teheran
56%
8. 13,1 mln F Manila
53%
15. 10 mln K Seul
49%
6. 18,2 mln B Dhaka
44%
11. 12 mln D Kinszasa
44%
Nie znaleziono quizów pasujących do podanych kryteriów
Rozkład punktacji
Procent ludzi z każdym wynikiem
Percentyl według liczby udzielonych odpowiedzi
Twoja historia wyników
Nie rozwiązałeś tego quizu